Jogadores de Futebol Mais Caros da Saudi Pro League - Statistics

Estatísticas Gerais
  • Esse quiz foi jogado 119 vezes
  • A pontuação média é 14 de 30
Estatísticas das Respostas
Nacionalidade Valor Clube Jogador % Correto
Brasil 60,00 mi € Al-Hilal Neymar
97%
Portugal 15,00 mi € Al-Nassr Cristiano Ronaldo
90%
França 25,00 mi € Al-Ittihad Benzema
84%
Senegal 25,00 mi € Al-Nassr Mane
79%
Sérvia 50,00 mi € Al-Hilal Milinkovic-Savic
74%
França 15,00 mi € Al-Ittihad Kante
69%
Brasil 18,00 mi € Al-Ahli Roberto Firmino
68%
Brasil 42,00 mi € Al-Ittihad Fabinho
65%
Portugal 40,00 mi € Al-Hilal Ruben Neves
62%
Sérvia 28,00 mi € Al-Hilal Mitrovic
58%
Argélia 20,00 mi € Al-Ahli Mahrez
56%
Senegal 15,00 mi € Al-Hilal Koulibaly
49%
Croácia 25,00 mi € Al-Nassr Brozovic
46%
Brasil 30,00 mi € Al-Hilal Malcon
43%
Brasil 15,00 mi € Al-Nassr Talisca
43%
Senegal 12,00 mi € Al-Ahli Mendy
41%
Brasil 30,00 mi € Al-Ahli Ibanez
40%
Espanha 25,00 mi € Al-Nassr Laporte
40%
Marrocos 12,00 mi € Al-Hilal Bono
39%
Portugal 35,00 mi € Al-Nassr Otavio
39%
Portugal 13,00 mi € Al-Ittihad Jota
33%
Costa do Marfim 25,00 mi € Al-Ahli Kessie
32%
França 32,00 mi € Al-Ahli Saint-Maximin
32%
Bélgica 25,00 mi € Al-Shabab Carrasco
30%
Espanha 30,00 mi € Al-Ahli Gabri Veiga
24%
Costa do Marfim 32,00 mi € Al-Nassr Fofana
22%
França 12,00 mi € Al-Effifaq Dembele
13%
Turquia 20,00 mi € Al-Ahli Demiral
12%
Senegal 18,00 mi € Al-Shabab Diallo
8%
Espanha 12,00 mi € Al-Riyadh Juanmi
4%
Nenhum quiz correspondente encontrado
Distribuição das Pontuações
Porcentagem de Pessoas com Cada Pontuação
Percentil de Números Respondidos
Sua Pontuação Histórica
Você não jogou esse quiz